[Event "Hamburg-chI"]
[Site "Hamburg"]
[Date "1998.06.01"]
[Round "4"]
[White "Heinemann, Thies"]
[Black "Lindinger, Markus"]
[Result "1/2-1/2"]
[WhiteElo "2450"]
[BlackElo "2245"]
[PlyCount "140"]
[EventDate "1998.05.29"]
[Source "ChessBase"]
[SourceDate "1998.07.07"]

1. e4 e6 2. d4 d5 3. Nd2 Nf6 4. e5 Nfd7 5. c3 c5 6. Bd3 Nc6 7. Ne2 cxd4 8. cxd4
Qb6 9. Nf3 f6 10. exf6 Nxf6 11. O-O Bd6 12. b3 O-O 13. Bf4 Nxd4 14. Nfxd4 e5
15. Be3 exd4 16. Bxd4 Qc7 17. h3 Be6 18. Rc1 Qd7 19. Bc5 Bxc5 20. Rxc5 Qd6 21.
Rc2 Kh8 22. Nd4 Bd7 23. Re1 Rae8 24. Rxe8 Rxe8 25. Re2 Qf4 26. Rxe8+ Bxe8 27.
Ne2 Qc7 28. Qd2 b6 29. Qe3 Bf7 30. g3 Qd6 31. Kg2 Nd7 32. Nd4 Qf6 33. Nb5 a5
34. Nd4 Kg8 35. Bf5 Nf8 36. h4 g6 37. Bg4 h5 38. Bh3 Kg7 39. f3 Kh7 40. Kf2 Qd6
41. f4 Qa3 42. Qd2 Kg8 43. f5 Nh7 44. fxg6 Bxg6 45. Be6+ Bf7 46. Bf5 Qd6 47.
Kg2 Qf6 48. Qf4 Nf8 49. Kf3 Kg7 50. a3 Be8 51. Bc8 Qxf4+ 52. Kxf4 Kf6 53. Bf5
Bd7 54. g4 hxg4 55. Bxd7 Nxd7 56. Nc6 Nc5 57. b4 axb4 58. Nxb4 d4 59. Kxg4 Kg6
60. Nd5 d3 61. Nf4+ Kf6 62. Kf3 Kf5 63. Nd5 Kg6 64. Nxb6 Kh5 65. Ke3 Kxh4 66.
Nc4 Kg5 67. Kd4 Na4 68. Ne5 Kf5 69. Nxd3 Ke6 70. Kc4 Kd6 1/2-1/2

[Event "Hamburg-chI"]
[Site "Hamburg"]
[Date "1998.06.01"]
[Round "4"]
[White "Rakow, Thorben"]
[Black "Pajeken, Wolfgang"]
[Result "1/2-1/2"]
[WhiteElo "2070"]
[BlackElo "2290"]
[PlyCount "55"]
[EventDate "1998.05.29"]
[Source "ChessBase"]
[SourceDate "1998.07.07"]

1. e4 Nf6 2. e5 Nd5 3. d4 d6 4. Bc4 Nb6 5. Bb3 Nc6 6. e6 fxe6 7. Nh3 g6 8. Ng5
Bg7 9. Bxe6 Rf8 10. d5 Nd4 11. O-O Bh6 12. Qd3 Rf5 13. Bxf5 Bxf5 14. Ne4 c6 15.
c3 cxd5 16. cxd4 dxe4 17. Qd1 Qd7 18. Be3 Nc4 19. Qe2 d5 20. Nd2 Nxb2 21. Nxe4
Bxe4 22. Qxb2 Bxg2 23. Kxg2 Qg4+ 24. Kh1 Qf3+ 25. Kg1 Qg4+ 26. Kh1 Qf3+ 27. Kg1
Qg4+ 28. Kh1 1/2-1/2

[Event "Hamburg-chI"]
[Site "Hamburg"]
[Date "1998.06.01"]
[Round "4"]
[White "Slobodjan, Roman"]
[Black "Hochgraefe, Markus"]
[Result "1-0"]
[WhiteElo "2530"]
[BlackElo "2300"]
[PlyCount "91"]
[EventDate "1998.05.29"]
[Source "ChessBase"]
[SourceDate "1998.07.07"]

1. e4 e6 2. d4 d5 3. Nd2 Nf6 4. e5 Nfd7 5. Bd3 c5 6. c3 b6 7. Ne2 Ba6 8. Bb1
cxd4 9. cxd4 Nc6 10. Nf3 Bb4+ 11. Bd2 Bxd2+ 12. Qxd2 Qe7 13. Nf4 Rc8 14. Bd3
Bxd3 15. Nxd3 O-O 16. O-O Rc7 17. Rac1 Rfc8 18. Rfe1 Nf8 19. h4 Na5 20. Rxc7
Qxc7 21. Qf4 Ng6 22. Qg4 h6 23. h5 Ne7 24. Nh4 Qd7 25. Re3 Nf5 26. Nxf5 exf5
27. Qd1 Rc4 28. Nf4 Nc6 29. e6 fxe6 30. Nxe6 Ne7 31. Re1 Rc6 32. Qe2 Kf7 33.
Nf4 Rc8 34. Qd3 Nc6 35. Ne6 Kg8 36. Qxf5 Re8 37. Re3 Ne7 38. Qg4 Nc6 39. Qg6
Qf7 40. a3 Re7 41. g3 Qe8 42. Kg2 Na5 43. Qf5 Nc4 44. Re2 Rd7 45. Qg4 Qf7 46.
Nxg7 1-0

[Event "Hamburg-chI"]
[Site "Hamburg"]
[Date "1998.06.01"]
[Round "4"]
[White "Trisic, Alexandar"]
[Black "Buhr, Carl Christian"]
[Result "0-1"]
[WhiteElo "2330"]
[BlackElo "2325"]
[PlyCount "126"]
[EventDate "1998.05.29"]
[Source "ChessBase"]
[SourceDate "1998.07.07"]

1. e4 c5 2. Nf3 e6 3. d3 Nc6 4. g3 d5 5. Nbd2 Nf6 6. Bg2 Be7 7. O-O b6 8. c3
Qc7 9. Re1 Bb7 10. a3 O-O-O 11. b4 dxe4 12. dxe4 Nd7 13. Qa4 Bf6 14. Re3 Kb8
15. Ne1 g5 16. Rb1 g4 17. h4 Nce5 18. Qc2 c4 19. Nf1 Ka8 20. Re2 Rhg8 21. Bf4
Nf8 22. Rd2 Nfg6 23. Bg5 Bxg5 24. hxg5 Qe7 25. Rd4 Qxg5 26. Rbd1 Nc6 27. Rd7
Nge5 28. R7d6 h5 29. Ne3 Qe7 30. Rxd8+ Rxd8 31. Qe2 b5 32. a4 Rxd1 33. Qxd1 a6
34. axb5 axb5 35. N3c2 Qd7 36. Nd4 Nxd4 37. cxd4 Kb8 38. Qd2 Nc6 39. Qf4+ Ka8
40. d5 exd5 41. exd5 Nxb4 42. d6 Bxg2 43. Nxg2 Kb7 44. Ne3 Qe6 45. Qg5 Kc6 46.
Qxh5 Nd3 47. Qh8 Ne5 48. Qa8+ Kxd6 49. Qb8+ Kc5 50. Qa7+ Kb4 51. Nc2+ Kc3 52.
Ne3 Nf3+ 53. Kg2 Kb4 54. Nc2+ Kb3 55. Ne3 f5 56. Qa1 Qh6 57. Qb1+ Ka4 58. Qa2+
Kb4 59. Nc2+ Kc3 60. Qa5+ Kxc2 61. Qa2+ Kc3 62. Qa3+ Kd4 63. Qc1 Qh3# 0-1

[Event "Hamburg-chI"]
[Site "Hamburg"]
[Date "1998.06.01"]
[Round "4"]
[White "Wendt, Jan Dietrich"]
[Black "Gustafsson, Jan"]
[Result "1/2-1/2"]
[WhiteElo "2275"]
[BlackElo "2385"]
[PlyCount "20"]
[EventDate "1998.05.29"]
[Source "ChessBase"]
[SourceDate "1998.07.07"]

1. Nf3 c5 2. c4 Nf6 3. Nc3 b6 4. g3 Bb7 5. Bg2 g6 6. O-O Bg7 7. d4 cxd4 8. Qxd4
O-O 9. Qh4 d6 10. Bh6 Nbd7 1/2-1/2

[Event "Hamburg-chI"]
[Site "Hamburg"]
[Date "1998.06.02"]
[Round "5"]
[White "Ftacnik, Lubomir"]
[Black "Lukacs, Peter"]
[Result "1-0"]
[WhiteElo "2580"]
[BlackElo "2515"]
[PlyCount "99"]
[EventDate "1998.05.29"]
[Source "ChessBase"]
[SourceDate "1998.07.07"]

1. c4 Nf6 2. Nc3 e5 3. Nf3 Nc6 4. a3 d6 5. g3 g6 6. Bg2 Bg7 7. d4 exd4 8. Nxd4
Bd7 9. O-O O-O 10. Nc2 Qc8 11. Re1 Re8 12. Ne3 a6 13. Bd2 Bh3 14. Bh1 Ne5 15.
Ncd5 Nxd5 16. Nxd5 Be6 17. Rc1 Bxd5 18. cxd5 Qd7 19. Bc3 f5 20. e4 fxe4 21.
Rxe4 Nf7 22. Bxg7 Kxg7 23. Rec4 Rac8 24. Qb3 Ne5 25. Rb4 b6 26. Bg2 Kg8 27. Qd1
a5 28. Rh4 Qf7 29. Rf4 Qd7 30. Re4 Nf7 31. Rh4 Ng5 32. Qf1 Qg7 33. Rhc4 Qxb2
34. h4 Nf7 35. Bh3 c5 36. dxc6 Rc7 37. Bg2 Qxa3 38. Bd5 Kg7 39. Qd1 Ne5 40. Ra4
Qb2 41. Rb1 Qc3 42. Rd4 b5 43. Rc1 Qa3 44. Bg2 Nc4 45. Rdxc4 bxc4 46. Qd4+ Re5
47. Rxc4 Kf7 48. Kh2 h5 49. Bd5+ Ke7 50. Qb6 1-0

[Event "Hamburg-chI"]
[Site "Hamburg"]
[Date "1998.06.02"]
[Round "5"]
[White "Gustafsson, Jan"]
[Black "Bach, Matthias"]
[Result "1-0"]
[WhiteElo "2385"]
[BlackElo "2320"]
[PlyCount "121"]
[EventDate "1998.05.29"]
[Source "ChessBase"]
[SourceDate "1998.07.07"]

1. d4 d5 2. c4 e6 3. Nc3 c5 4. Nf3 Nc6 5. cxd5 exd5 6. g3 Nf6 7. Bg2 Be7 8. O-O
c4 9. Ne5 O-O 10. b3 Bb4 11. Bb2 Na5 12. bxc4 Nxc4 13. Qb3 a5 14. Nxc4 dxc4 15.
Qxc4 Be6 16. Qd3 Qc7 17. a3 Bc4 18. Qd2 Bxc3 19. Qxc3 Rac8 20. Rfe1 Rfe8 21. e4
Qb6 22. Qd2 h6 23. Rac1 Qa6 24. d5 Nd7 25. Qd4 f6 26. f4 b5 27. e5 Nc5 28. exf6
Qxf6 29. Qxf6 gxf6 30. Bxf6 Kf7 31. Bh4 Nd3 32. Rxe8 Rxe8 33. Rd1 Re1+ 34. Rxe1
Nxe1 35. Be4 b4 36. axb4 axb4 37. Kf2 Nd3+ 38. Ke3 Nc1 39. Kd4 Ba2 40. d6 Nb3+
41. Kc4 Ke6 42. Kxb4 Nd2 43. Bg2 Kxd6 44. Kc3 Nc4 45. Kd4 Nb6 46. g4 Nd7 47. f5
Bb3 48. Bg3+ Ke7 49. Bf4 Nf6 50. h3 Ng8 51. Ke5 Bf7 52. Bf3 Bc4 53. h4 Kf7 54.
Be3 Kg7 55. g5 Bf7 56. Be4 hxg5 57. hxg5 Kf8 58. f6 Bb3 59. g6 Ba2 60. Bc5+ Ke8
61. f7+ 1-0

[Event "Hamburg-chI"]
[Site "Hamburg"]
[Date "1998.06.02"]
[Round "5"]
[White "Meyer, Falko"]
[Black "Voigt, Martin"]
[Result "1-0"]
[WhiteElo "2330"]
[BlackElo "2265"]
[PlyCount "49"]
[EventDate "1998.05.29"]
[Source "ChessBase"]
[SourceDate "1998.07.07"]

1. e4 c6 2. d4 d5 3. e5 Bf5 4. g4 Bd7 5. c3 h5 6. gxh5 Nh6 7. Ne2 Bg4 8. Qb3
Qb6 9. Nf4 e6 10. Rg1 Bf5 11. Nd2 c5 12. Nf3 Be4 13. Qxb6 axb6 14. Ng5 cxd4 15.
cxd4 Nc6 16. Be3 Bb4+ 17. Kd1 Nf5 18. Bb5 Ke7 19. Bxc6 bxc6 20. Ke2 c5 21. Nxe4
dxe4 22. d5 exd5 23. Nxd5+ Kf8 24. a3 Rd8 25. axb4 1-0

[Event "Hamburg-chI"]
[Site "Hamburg"]
[Date "1998.06.02"]
[Round "5"]
[White "Pajeken, Wolfgang"]
[Black "Engelbert, Christoph"]
[Result "1-0"]
[WhiteElo "2290"]
[BlackElo "2250"]
[PlyCount "71"]
[EventDate "1998.05.29"]
[Source "ChessBase"]
[SourceDate "1998.07.07"]

1. c4 g6 2. Nc3 Bg7 3. g3 c5 4. Bg2 Nc6 5. a3 Nf6 6. Rb1 O-O 7. b4 cxb4 8. axb4
e6 9. b5 Ne7 10. d4 Qc7 11. Qb3 d5 12. c5 e5 13. dxe5 Nd7 14. Na4 Nxe5 15. Bf4
Bf5 16. Rc1 Bd7 17. Rb1 Bf5 18. Rc1 Qd7 19. Bxe5 Bxe5 20. Nf3 Bg7 21. O-O Be4
22. Nc3 Bxc3 23. Rxc3 a6 24. b6 Nc6 25. Rd1 d4 26. Rcc1 Rad8 27. Ne5 Nxe5 28.
Bxe4 Qe7 29. Bg2 d3 30. exd3 Rd4 31. Re1 Qf6 32. Rxe5 Qxe5 33. Bxb7 h5 34. c6
Qe2 35. Qd1 Qe6 36. c7 1-0

[Event "Hamburg-chI"]
[Site "Hamburg"]
[Date "1998.06.02"]
[Round "5"]
[White "Pestov, Sergei M"]
[Black "Buhr, Carl Christian"]
[Result "1/2-1/2"]
[WhiteElo "2335"]
[BlackElo "2325"]
[PlyCount "82"]
[EventDate "1998.05.29"]
[Source "ChessBase"]
[SourceDate "1998.07.07"]

1. c4 e5 2. Nc3 d6 3. g3 g6 4. d4 Nd7 5. Nf3 Ngf6 6. Bg2 Bg7 7. O-O O-O 8. h3
Re8 9. Be3 h6 10. Qc1 Kh7 11. Rd1 c6 12. dxe5 dxe5 13. c5 Qe7 14. b4 a5 15. b5
Nxc5 16. bxc6 bxc6 17. Nb5 Nce4 18. Qxc6 Bb7 19. Qc7 Nd5 20. Rxd5 Bxd5 21. Rd1
Bxa2 22. Qc2 Qb4 23. Qxa2 Qxb5 24. Qxf7 Rf8 25. Qe7 Qb4 26. Qc7 Rfc8 27. Qf7
Qf8 28. Nxe5 Qxf7 29. Nxf7 Nc3 30. Rd7 a4 31. Nd6 Rd8 32. Rxg7+ Kxg7 33. Bd4+
Kh7 34. Bxc3 Rxd6 35. Bxa8 a3 36. Be4 a2 37. h4 h5 38. Kg2 Rd1 39. Bd3 a1=Q 40.
Bxa1 Rxa1 41. Kf3 Kg7 1/2-1/2

[Event "Hamburg-chI"]
[Site "Hamburg"]
[Date "1998.06.02"]
[Round "5"]
[White "Trisic, Alexandar"]
[Black "Hegeler, Frank"]
[Result "1/2-1/2"]
[WhiteElo "2330"]
[BlackElo "2330"]
[PlyCount "21"]
[EventDate "1998.05.29"]
[Source "ChessBase"]
[SourceDate "1998.07.07"]

1. Nf3 Nf6 2. d4 d5 3. c4 e6 4. Nc3 Be7 5. cxd5 exd5 6. Bg5 c6 7. e3 Bf5 8. Bd3
Bxd3 9. Qxd3 Nbd7 10. O-O O-O 11. Rab1 1/2-1/2

[Event "Hamburg-chI"]
[Site "Hamburg"]
[Date "1998.06.02"]
[Round "5"]
[White "Wendt, Jan Dietrich"]
[Black "Breyther, Ruediger"]
[Result "1/2-1/2"]
[WhiteElo "2275"]
[BlackElo "2385"]
[PlyCount "91"]
[EventDate "1998.05.29"]
[Source "ChessBase"]
[SourceDate "1998.07.07"]

1. c4 b6 2. Nc3 Bb7 3. e4 e6 4. Nf3 Bb4 5. Bd3 Na6 6. Bc2 Nc5 7. Qe2 Bxc3 8.
bxc3 d6 9. d4 Nd7 10. O-O Ne7 11. c5 bxc5 12. Rb1 Qc8 13. Rd1 Ba6 14. Qe3 O-O
15. Qg5 Be2 16. Re1 Bxf3 17. gxf3 Ng6 18. f4 Re8 19. Be3 cxd4 20. cxd4 Nf6 21.
f3 e5 22. dxe5 dxe5 23. f5 h6 24. Qg2 Nf4 25. Bxf4 exf4 26. e5 Nd5 27. f6 g5
28. h4 g4 29. fxg4 Ne3 30. Rxe3 fxe3 31. Qe4 Kf8 32. Rb4 e2 33. Qxe2 Qe6 34.
Re4 Red8 35. Bb3 Qb6+ 36. Kh1 Qc6 37. Qe3 Kg8 38. e6 Rab8 39. exf7+ Kh7 40.
f8=Q Rxf8 41. Qd3 Rxf6 42. Kg1 Kh8 43. Bc2 Rf7 44. Rf4 Qc5+ 45. Kg2 Qc6+ 46.
Kg1 1/2-1/2

[Event "Hamburg-chI"]
[Site "Hamburg"]
[Date "1998.06.03"]
[Round "6"]
[White "Bach, Matthias"]
[Black "Meyer, Falko"]
[Result "1/2-1/2"]
[WhiteElo "2320"]
[BlackElo "2330"]
[PlyCount "120"]
[EventDate "1998.05.29"]
[Source "ChessBase"]
[SourceDate "1998.07.07"]

1. b4 f5 2. Bb2 Nf6 3. Nf3 e6 4. b5 Be7 5. e3 O-O 6. Be2 c5 7. c4 b6 8. O-O a6
9. a4 Bb7 10. Nc3 Ne4 11. d3 Nxc3 12. Bxc3 d6 13. Qd2 Nd7 14. bxa6 Rxa6 15. a5
Qa8 16. axb6 Nxb6 17. Rxa6 Qxa6 18. Ra1 Na4 19. Bd1 Bc6 20. Bxa4 Bxa4 21. Qa2
Ra8 22. Qb2 Bf8 23. Nd2 Qc8 24. e4 fxe4 25. dxe4 Bc6 26. Rxa8 Qxa8 27. f3 Qa4
28. Qb3 Kf7 29. Qxa4 Bxa4 30. Kf2 g6 31. Ke2 Bc6 32. Ba5 Bb7 33. g3 Bg7 34. Kd3
Bd4 35. f4 d5 36. exd5 exd5 37. cxd5 Bxd5 38. Ne4 Bg1 39. Ng5+ Kg8 40. Ke2 Bxh2
41. Kf2 h6 42. Nh3 Kf7 43. Bd2 Kf6 44. Ng1 Kf5 45. Nf3 Bxf3 46. Kxf3 Bg1 47.
g4+ Kf6 48. f5 h5 49. fxg6 h4 50. Kg2 Bd4 51. Kh3 Bf2 52. Ba5 c4 53. Bc3+ Kxg6
54. Bd2 Kf6 55. Bc3+ Ke6 56. Bb4 Ke5 57. Bc3+ Ke4 58. Ba5 Bg3 59. Bb4 Kd5 60.
Ba5 Ke4 1/2-1/2

[Event "Hamburg-chI"]
[Site "Hamburg"]
[Date "1998.06.03"]
[Round "6"]
[White "Breyther, Ruediger"]
[Black "Hochgraefe, Markus"]
[Result "1/2-1/2"]
[WhiteElo "2385"]
[BlackElo "2300"]
[PlyCount "77"]
[EventDate "1998.05.29"]
[Source "ChessBase"]
[SourceDate "1998.07.07"]

1. e4 e6 2. d4 d5 3. Nd2 Nf6 4. e5 Nfd7 5. c3 c5 6. Bd3 Nc6 7. Ne2 cxd4 8. cxd4
f6 9. exf6 Nxf6 10. Nf3 Bd6 11. O-O O-O 12. Bg5 Bd7 13. a3 Be8 14. Qd2 Bh5 15.
Qe3 Qe8 16. Bf4 Bxf4 17. Qxf4 Ne4 18. Qe3 Bxf3 19. gxf3 Nd6 20. Kh1 Qf7 21. f4
Nf5 22. Qh3 h6 23. Rg1 Kh8 24. Rg5 Ncxd4 25. Nxd4 Nxd4 26. Rag1 Rg8 27. R1g4
Rac8 28. Rg6 Nf5 29. R4g5 Rc7 30. Qh5 Kh7 31. Rxe6 Qxh5 32. Bxf5+ g6 33. Rxh5
Rc1+ 34. Kg2 gxf5+ 35. Kf3 Rg6 36. Re7+ Rg7 37. Re6 Rg6 38. Re7+ Rg7 39. Re6
1/2-1/2

[Event "Hamburg-chI"]
[Site "Hamburg"]
[Date "1998.06.03"]
[Round "6"]
[White "Buhr, Carl Christian"]
[Black "Rakow, Thorben"]
[Result "1-0"]
[WhiteElo "2325"]
[BlackElo "2070"]
[PlyCount "77"]
[EventDate "1998.05.29"]
[Source "ChessBase"]
[SourceDate "1998.07.07"]

1. c4 Nf6 2. Nc3 d6 3. d4 c6 4. Nf3 Bg4 5. e3 e6 6. h3 Bh5 7. Be2 Be7 8. O-O
O-O 9. d5 exd5 10. cxd5 c5 11. e4 Na6 12. Nd2 Bxe2 13. Qxe2 Nc7 14. a3 Nd7 15.
Nc4 Nb6 16. Na5 Rb8 17. Bf4 Bf6 18. Rac1 Re8 19. Qd3 Bg5 20. Bxg5 Qxg5 21. b4
Nd7 22. f4 Qg6 23. Rce1 Na6 24. b5 Nc7 25. Nc4 Nb6 26. Ne3 Qf6 27. Nf5 Qd8 28.
Re3 c4 29. Qd4 f6 30. Rg3 g6 31. a4 Kf8 32. Ne3 Qe7 33. a5 Nd7 34. Nxc4 Nc5 35.
e5 Nb3 36. Qd1 dxe5 37. d6 Qe6 38. dxc7 Rbc8 39. Qd6+ 1-0

[Event "Hamburg-chI"]
[Site "Hamburg"]
[Date "1998.06.03"]
[Round "6"]
[White "Heinemann, Thies"]
[Black "Pajeken, Wolfgang"]
[Result "1-0"]
[WhiteElo "2450"]
[BlackElo "2290"]
[PlyCount "83"]
[EventDate "1998.05.29"]
[Source "ChessBase"]
[SourceDate "1998.07.07"]

1. e4 e5 2. Nf3 Nc6 3. Bc4 Nf6 4. Ng5 d5 5. exd5 Na5 6. Bb5+ c6 7. dxc6 bxc6 8.
Be2 h6 9. Nh3 g5 10. d3 Bc5 11. Nc3 Qc7 12. g4 Be6 13. Bf3 O-O-O 14. Qe2 Nd5
15. Ne4 Be7 16. a3 Qb6 17. b4 Nb7 18. c4 Nf4 19. Nxf4 gxf4 20. Bb2 f6 21. O-O-O
a5 22. Bc3 axb4 23. axb4 h5 24. gxh5 f5 25. Nd2 Bxb4 26. Qxe5 Nc5 27. Be2 Rhe8
28. Bxb4 Qxb4 29. Qb2 Nxd3+ 30. Bxd3 Qxb2+ 31. Kxb2 Rxd3 32. h4 Rh8 33. Kc2 Rd4
34. Kc3 c5 35. Rhe1 Kd7 36. Ra1 Ke7 37. Ra7+ Rd7 38. Rxd7+ Kxd7 39. Nb3 Kd6 40.
Nxc5 Bf7 41. Nd3 Rc8 42. c5+ 1-0

[Event "Hamburg-chI"]
[Site "Hamburg"]
[Date "1998.06.03"]
[Round "6"]
[White "Kempinski, Robert"]
[Black "Ftacnik, Lubomir"]
[Result "1/2-1/2"]
[WhiteElo "2520"]
[BlackElo "2580"]
[PlyCount "109"]
[EventDate "1998.05.29"]
[Source "ChessBase"]
[SourceDate "1998.07.07"]

1. Nf3 Nf6 2. c4 c5 3. d4 cxd4 4. Nxd4 e5 5. Nb5 d5 6. cxd5 Bc5 7. e3 O-O 8.
N5c3 e4 9. a3 Bf5 10. Nd2 Nbd7 11. b4 Bd6 12. Nc4 Nb6 13. Nxd6 Qxd6 14. Bb2
Rfd8 15. Qd4 Nbxd5 16. Nxd5 Qxd5 17. Qxd5 Nxd5 18. Rc1 Rac8 19. Rxc8 Rxc8 20.
Kd2 Be6 21. Bd4 Ne7 22. Be2 Nf5 23. Ba1 Nd6 24. Rc1 Nc4+ 25. Kd1 b5 26. Bd4 Rc6
27. Bxa7 Ra6 28. Bd4 Rxa3 29. Ra1 Rxa1+ 30. Bxa1 Nb6 31. Bxb5 Nd5 32. Bc6 Nxb4
33. Bxe4 Bd5 34. Bxd5 Nxd5 35. Kd2 f6 36. e4 Ne7 37. g4 Kf7 38. f4 g6 39. Ke3
f5 40. h3 Ke6 41. exf5+ gxf5 42. Kf3 Kf7 43. Bb2 Kg6 44. Ba3 Nd5 45. g5 Kh5 46.
Kg3 Nc3 47. Bb4 Nd5 48. Be1 h6 49. gxh6 Kxh6 50. Kf3 Kg6 51. Bh4 Kh5 52. Bg5
Kg6 53. Ke2 Kh5 54. Kd3 Nxf4+ 55. Bxf4 1/2-1/2

[Event "Hamburg-chI"]
[Site "Hamburg"]
[Date "1998.06.03"]
[Round "6"]
[White "Lindinger, Markus"]
[Black "Reddmann, Hauke"]
[Result "1/2-1/2"]
[WhiteElo "2245"]
[BlackElo "2315"]
[PlyCount "46"]
[EventDate "1998.05.29"]
[Source "ChessBase"]
[SourceDate "1998.07.07"]

1. Nf3 c5 2. c4 Nc6 3. d4 cxd4 4. Nxd4 g6 5. e4 Bg7 6. Be3 d6 7. Nc3 Nf6 8. f3
O-O 9. Qd2 a6 10. Be2 Be6 11. Rc1 Rc8 12. b3 Nd7 13. O-O Nxd4 14. Bxd4 Bxd4+
15. Qxd4 Qb6 16. Qxb6 Nxb6 17. Nd5 Bxd5 18. exd5 Rc7 19. f4 a5 20. a4 Nd7 21.
Rce1 Nc5 22. Bd1 h5 23. h4 f5 1/2-1/2

[Event "Hamburg-chI"]
[Site "Hamburg"]
[Date "1998.06.03"]
[Round "6"]
[White "Rogozenko, Dorian"]
[Black "Mueller, Karsten"]
[Result "1/2-1/2"]
[WhiteElo "2495"]
[BlackElo "2515"]
[PlyCount "63"]
[EventDate "1998.05.29"]
[Source "ChessBase"]
[SourceDate "1998.07.07"]

1. d4 d5 2. c4 e6 3. Nc3 c6 4. Nf3 Nf6 5. Bg5 h6 6. Bxf6 Qxf6 7. e3 Nd7 8. Bd3
Qd8 9. O-O Be7 10. a3 O-O 11. Qc2 a6 12. b4 b5 13. c5 a5 14. e4 dxe4 15. Bxe4
Ra6 16. Rad1 axb4 17. axb4 Qc7 18. Ra1 Nb8 19. Ne5 Bb7 20. Rxa6 Nxa6 21. Qb3
Bf6 22. f4 Ra8 23. Kh1 Nb8 24. Bb1 Nd7 25. Qc2 Nf8 26. Ne4 Be7 27. Nd2 Ra4 28.
Qb2 Bc8 29. Bc2 Ra6 30. Nb3 f6 31. Nd3 Qd7 32. Ra1 1/2-1/2

[Event "Hamburg-chI"]
[Site "Hamburg"]
[Date "1998.06.03"]
[Round "6"]
[White "Slobodjan, Roman"]
[Black "Lamprecht, Frank"]
[Result "1-0"]
[WhiteElo "2530"]
[BlackElo "2395"]
[PlyCount "45"]
[EventDate "1998.05.29"]
[Source "ChessBase"]
[SourceDate "1998.07.07"]

1. e4 e6 2. d4 d5 3. Nd2 c5 4. Ngf3 cxd4 5. exd5 Qxd5 6. Bc4 Qd6 7. O-O Nf6 8.
Nb3 Nc6 9. Nbxd4 Nxd4 10. Nxd4 Bd7 11. b3 a6 12. Bb2 Be7 13. Re1 O-O 14. Bd3
Qf4 15. Nf3 Rfd8 16. Ne5 Bc5 17. Qe2 Be8 18. Rad1 Rac8 19. g3 Qb4 20. Nc4 Bd4
21. Bxd4 Rxd4 22. Bxh7+ Nxh7 23. Rxd4 1-0

[Event "Hamburg-chI"]
[Site "Hamburg"]
[Date "1998.06.03"]
[Round "6"]
[White "Wilhelmi, Christian"]
[Black "Wendt, Jan Dietrich"]
[Result "1/2-1/2"]
[WhiteElo "2445"]
[BlackElo "2275"]
[PlyCount "75"]
[EventDate "1998.05.29"]
[Source "ChessBase"]
[SourceDate "1998.07.07"]

1. d4 Nf6 2. Nf3 e6 3. c4 c5 4. Nc3 cxd4 5. Nxd4 Nc6 6. g3 Qb6 7. Ndb5 Ne5 8.
Bg2 a6 9. Be3 Qa5 10. Nd6+ Bxd6 11. Qxd6 Nxc4 12. Qc5 d5 13. O-O Bd7 14. Rac1
Qxc5 15. Bxc5 Rc8 16. Bd4 O-O 17. b3 Nd6 18. Be5 Nde4 19. Rfd1 Nxf2 20. Rf1
N2e4 21. Bxe4 Nxe4 22. Nxe4 dxe4 23. Kf2 Bc6 24. Ke3 f6 25. Bb2 Kf7 26. g4 Rfe8
27. g5 f5 28. h4 Bd7 29. Rfd1 Bb5 30. Be5 Rxc1 31. Rxc1 Bc6 32. h5 Rc8 33. g6+
hxg6 34. Rg1 gxh5 35. Rxg7+ Ke8 36. Rg8+ Kd7 37. Rg7+ Ke8 38. Rg8+ 1/2-1/2

[Event "Hamburg-chI"]
[Site "Hamburg"]
[Date "1998.06.04"]
[Round "7"]
[White "Gustafsson, Jan"]
[Black "Heinemann, Thies"]
[Result "1/2-1/2"]
[WhiteElo "2385"]
[BlackElo "2450"]
[PlyCount "36"]
[EventDate "1998.05.29"]
[Source "ChessBase"]
[SourceDate "1998.07.07"]

1. d4 Nf6 2. Nf3 g6 3. c4 c5 4. Nc3 cxd4 5. Nxd4 Bg7 6. g3 O-O 7. Bg2 Nc6 8.
O-O Nxd4 9. Qxd4 d6 10. Qd3 a6 11. b3 Bf5 12. Qd2 Ne4 13. Bxe4 Bxe4 14. Bb2 Bc6
15. Rfd1 b5 16. Nd5 Bxb2 17. Qxb2 bxc4 18. bxc4 Bxd5 1/2-1/2

[Event "Hamburg-chI"]
[Site "Hamburg"]
[Date "1998.06.04"]
[Round "7"]
[White "Hochgraefe, Markus"]
[Black "Lindinger, Markus"]
[Result "1-0"]
[WhiteElo "2300"]
[BlackElo "2245"]
[PlyCount "89"]
[EventDate "1998.05.29"]
[Source "ChessBase"]
[SourceDate "1998.07.07"]

1. c4 Nf6 2. Nc3 g6 3. e4 d6 4. d4 Bg7 5. f3 O-O 6. Be3 e5 7. d5 Nh5 8. Qd2
Qh4+ 9. Kd1 Qe7 10. Kc2 f5 11. Rd1 Nd7 12. Kb1 a6 13. Bd3 Ndf6 14. Nge2 Rb8 15.
h3 b5 16. cxb5 fxe4 17. fxe4 axb5 18. Rde1 b4 19. Nd1 c6 20. g4 cxd5 21. exd5
Bb7 22. gxh5 Bxd5 23. hxg6 Qe6 24. gxh7+ Kh8 25. Nc1 Ra8 26. b3 Ne4 27. Qb2
Nc3+ 28. Nxc3 e4 29. Be2 Rfc8 30. Rhg1 bxc3 31. Qc2 Rcb8 32. Rxg7 Kxg7 33.
Qxc3+ Kxh7 34. Qc7+ Qf7 35. Qxf7+ Bxf7 36. Rf1 Bg6 37. Rd1 Rd8 38. Bc4 d5 39.
Rxd5 Rxd5 40. Bxd5 Rf8 41. Kc2 Rf3 42. Kd2 Rxh3 43. Ne2 Kg7 44. a4 Kf6 45. Bc4
1-0

[Event "Hamburg-chI"]
[Site "Hamburg"]
[Date "1998.06.04"]
[Round "7"]
[White "Mueller, Karsten"]
[Black "Kempinski, Robert"]
[Result "1-0"]
[WhiteElo "2515"]
[BlackElo "2520"]
[PlyCount "117"]
[EventDate "1998.05.29"]
[Source "ChessBase"]
[SourceDate "1998.08.06"]

1. e4 c5 2. Nf3 d6 3. d4 cxd4 4. Nxd4 Nf6 5. Nc3 a6 6. Bc4 e6 7. Bb3 b5 8. Bg5
Be7 9. Qf3 Qb6 10. O-O-O Qb7 11. Qg3 O-O 12. Bh6 Ne8 13. a3 Bd7 14. f4 Kh8 15.
Bg5 Bxg5 16. fxg5 Nc6 17. Rhf1 Nxd4 18. Rxd4 Kg8 19. e5 dxe5 20. Rh4 f6 21. Ne4
fxg5 22. Rxf8+ Kxf8 23. Qf2+ Kg8 24. Nxg5 Nf6 25. Rxh7 Qa7 26. Qxa7 Rxa7 27.
Rh4 Kf8 28. Nf3 Ke7 29. Nxe5 Rc7 30. Rh3 Rc5 31. Re3 Bc8 32. Nf3 Nd5 33. Re5
Kf6 34. h4 a5 35. Rg5 Bb7 36. Ne5 Rc7 37. Ng4+ Kf7 38. Re5 Ke7 39. Rg5 Kd6 40.
Kd2 Rf7 41. Ne3 Nxe3 42. Kxe3 a4 43. Ba2 Bd5 44. Bxd5 exd5 45. g4 Kc5 46. Rf5
Re7+ 47. Kd3 Re4 48. Rg5 Rd4+ 49. Kc3 Rd1 50. h5 Rh1 51. Rxg7 Rh3+ 52. Kd2 Kd4
53. Re7 Rg3 54. Re2 Rxg4 55. Rh2 Kc4 56. h6 Rg8 57. h7 Rh8 58. Rh4+ d4 59. Rh5
1-0

[Event "Hamburg-chI"]
[Site "Hamburg"]
[Date "1998.06.04"]
[Round "7"]
[White "Pestov, Sergei M"]
[Black "Breyther, Ruediger"]
[Result "1/2-1/2"]
[WhiteElo "2335"]
[BlackElo "2385"]
[PlyCount "69"]
[EventDate "1998.05.29"]
[Source "ChessBase"]
[SourceDate "1998.07.07"]

1. c4 Nf6 2. Nc3 e6 3. e4 c5 4. g3 d5 5. e5 d4 6. exf6 dxc3 7. bxc3 Nc6 8. Bg2
gxf6 9. Ne2 e5 10. O-O h5 11. d4 h4 12. Be3 Qc7 13. f4 Bg4 14. h3 cxd4 15. cxd4
exd4 16. hxg4 dxe3 17. Rb1 Rc8 18. Rb5 a6 19. Rd5 Be7 20. c5 Rd8 21. g5 hxg3
22. gxf6 Rxd5 23. Qxd5 Bxf6 24. Rf3 Qa5 25. Rxe3+ Kf8 26. Kf1 Qa4 27. Qd7 Rh6
28. Qe8+ Kg7 29. Rxg3+ Rg6 30. Rxg6+ fxg6 31. Qd7+ Kh6 32. Qh3+ Kg7 33. Qd7+
Kh6 34. Qh3+ Kg7 35. Qd7+ 1/2-1/2

[Event "Hamburg-chI"]
[Site "Hamburg"]
[Date "1998.06.04"]
[Round "7"]
[White "Voigt, Martin"]
[Black "Trisic, Alexandar"]
[Result "0-1"]
[WhiteElo "2265"]
[BlackElo "2330"]
[PlyCount "80"]
[EventDate "1998.05.29"]
[Source "ChessBase"]
[SourceDate "1998.07.07"]

1. e4 c5 2. Nf3 d6 3. d4 cxd4 4. Nxd4 Nf6 5. Nc3 a6 6. Bc4 e6 7. O-O b5 8. Bb3
Be7 9. f4 b4 10. Na4 O-O 11. f5 e5 12. Ne2 Bb7 13. Ng3 Nbd7 14. Qf3 Bc6 15. Be3
Qc7 16. Rad1 Qa5 17. Nb6 Nxb6 18. Nh5 Nbd7 19. Nxg7 Kxg7 20. Qh3 Kh8 21. Qh4
Rg8 22. Bxf7 Rg4 23. Qh6 Bxe4 24. Rd2 Qd8 25. Be6 d5 26. Qh3 d4 27. Bh6 Bf8 28.
Bxf8 Nxf8 29. Re2 Qe7 30. Rff2 Nxe6 31. fxe6 Rag8 32. Qh6 R8g6 33. Qd2 Nd5 34.
h3 Rh4 35. Rf7 Qxe6 36. Ref2 Rf4 37. R2xf4 Nxf4 38. Rf8+ Kg7 39. Qxb4 Nxh3+ 40.
Kf1 Rf6+ 0-1